|
|
|
|
| LEADER |
01596nam a2200397 a 4500 |
| 001 |
001367797 |
| 003 |
CZ BrMZK |
| 005 |
20140418100439.0 |
| 006 |
m||||||||d|||||||| |
| 007 |
co^cg |
| 008 |
140218s2012 xr e 00| 0 eng |
| 015 |
|
|
|a cnb002565300
|
| 020 |
|
|
|a 978-80-7435-332-1
|q (CDR)
|
| 040 |
|
|
|a BOA001
|b cze
|
| 072 |
|
7 |
|a 004.9
|x Speciální počítačové metody. Počítačová grafika
|2 Konspekt
|9 23
|
| 072 |
|
7 |
|a 37.016
|x Učební osnovy. Vyučovací předměty. Učebnice
|2 Konspekt
|9 22
|
| 080 |
|
|
|a 004.92
|2 MRF
|
| 080 |
|
|
|a (07)
|2 MRF
|
| 080 |
|
|
|a (0.034.44)
|2 MRF
|
| 100 |
1 |
|
|a Slabý, Antonín
|7 mzk2008443041
|4 aut
|
| 245 |
1 |
0 |
|a Computer graphics
|h [elektronický zdroj] /
|c Antonín Slabý
|
| 250 |
|
|
|a Vyd. 1.
|
| 260 |
|
|
|a Hradec Králové :
|b Gaudeamus,
|c 2012
|
| 300 |
|
|
|a 1 CD-ROM
|
| 500 |
|
|
|a Název z titulní obrazovky; označení vyd. z tiráže
|
| 500 |
|
|
|a Nad názvem: Univerzita Hradec Králové, Pedagogická fakulta, Univerzita Hradec Králové, Přírodovědecká fakulta
|
| 538 |
|
|
|a Požadavky na systém: Adobe Acrobat Reader
|
| 650 |
0 |
7 |
|a počítačová grafika
|7 ph124503
|2 czenas
|
| 655 |
|
7 |
|a učební texty
|7 fd133599
|2 czenas
|
| 655 |
|
7 |
|a CD-ROM
|7 fd133955
|2 czenas
|
| 710 |
2 |
|
|a Univerzita Hradec Králové.
|b Pedagogická fakulta
|7 kn20020422009
|
| 710 |
2 |
|
|a Univerzita Hradec Králové.
|b Přírodovědecká fakulta
|7 pna2010613892
|
| 856 |
4 |
1 |
|u http://www.digitalniknihovna.cz/mzk/uuid/uuid:b141a757-a864-42d6-94ea-58695e209b36
|y Digitalizovaný dokument
|
| 910 |
|
|
|a BOA001
|b CDR-1321.398
|
| 990 |
|
|
|a BK
|
| 991 |
|
|
|b 201404
|c NOV
|e n
|